000 00448nam a22001817a 4500
003 MPLRDC
005 20220104123430.0
008 210129b ||||| |||| 00| 0 eng d
020 _a7-81004-383-8
082 _a982.59 YZ
100 _a余钊主编
245 _a相声艺术入门
_c
250 _a一版一刷
260 _a
_b北京广播学院出版社
_c1992
300 _b
650 _a中国戏剧--相声
942 _cBK
_o982.59 YZ
999 _c11378
_d11368